Cost benefit analysis in agriculture / (Record no. 836)
[ view plain ]
| 000 -LEADER | |
|---|---|
| fixed length control field | 00619nam a2200205 a 4500 |
| 001 - CONTROL NUMBER | |
| control field | BD-DhSAU 836 |
| 003 - CONTROL NUMBER IDENTIFIER | |
| control field | BD-DhSAU |
| 005 - DATE AND TIME OF LATEST TRANSACTION | |
| control field | 20150107004447.0 |
| 008 - FIXED-LENGTH DATA ELEMENTS--GENERAL INFORMATION | |
| fixed length control field | 920515s1992 ii a bs 000 0deng |
| 040 ## - CATALOGING SOURCE | |
| Original cataloging agency | BD-DhSAU |
| 082 ## - DEWEY DECIMAL CLASSIFICATION NUMBER | |
| Edition number | 22 |
| Classification number | 658.1554 |
| Item number | BAC |
| 100 1# - MAIN ENTRY--PERSONAL NAME | |
| Personal name | Bansal, M. R. |
| 245 10 - TITLE STATEMENT | |
| Title | Cost benefit analysis in agriculture / |
| Statement of responsibility, etc. | M.R. Bansal. |
| 250 ## - EDITION STATEMENT | |
| Edition statement | 1st ed. |
| 260 ## - PUBLICATION, DISTRIBUTION, ETC. (IMPRINT) | |
| Place of publication, distribution, etc. | Meerut, India : |
| Name of publisher, distributor, etc. | Friends Publications ; |
| Date of publication, distribution, etc. | c1992. |
| 300 ## - PHYSICAL DESCRIPTION | |
| Extent | vi, 260 p. : |
| Dimensions | 23 cm. |
| Other physical details | ill ; |
| 504 ## - BIBLIOGRAPHY, ETC. NOTE | |
| Bibliography, etc | Includes bibliographical references. |
| 590 ## - Name of Cataloguer | |
| Name of Cataloger | Jerin |
| 650 #0 - SUBJECT ADDED ENTRY--TOPICAL TERM | |
| Topical term or geographic name as entry element | Agriculture |
| Geographic subdivision | India |
| -- | Meerut (Region) |
| General subdivision | Cost effectiveness. |
| 942 ## - ADDED ENTRY ELEMENTS (KOHA) | |
| Source of classification or shelving scheme | Dewey Decimal Classification |
| Koha item type | Book |
| Withdrawn status | Lost status | Source of classification or shelving scheme | Damaged status | Not for loan | Home library | Branch Name | Shelving location | Date acquired | Total Checkouts | Full call number | Barcode | Date last seen | Price effective from | Koha item type | Collection code |
|---|---|---|---|---|---|---|---|---|---|---|---|---|---|---|---|
| Dewey Decimal Classification | SAU Library | SAU Library | General Stacks | 17/06/1993 | 658.1554 BAC | 23408 | 07/01/2015 | 07/01/2015 | Book | ||||||
| Dewey Decimal Classification | SAU Library | SAU Library | General Stacks | 17/06/1993 | 658.1554 BAC | 23409 | 07/01/2015 | 07/01/2015 | Book | ||||||
| Dewey Decimal Classification | SAU Library | SAU Library | General Stacks | 17/06/1993 | 658.1554 BAC | 23410 | 07/01/2015 | 07/01/2015 | Book | ||||||
| Dewey Decimal Classification | SAU Library | SAU Library | Reference | 17/06/1993 | 658.1554 BAC | 23406 | 29/04/2015 | 29/04/2015 | Book | Reference | |||||
| Dewey Decimal Classification | Not For Loan | SAU Library | SAU Library | Reference | 17/06/1993 | 658.1554 BAC | 23407 | 21/05/2015 | 21/05/2015 | Book | Reference |
